1022 1212 1213 1939 1536 1293 1202 1825 1615 1907 1526 1549 1270 1305 1212 1564 1308 1514 1246 1012 1548 1288 1478 1105 1573 1546 1723 1025 1709 1214 1849 1155 1553 1679 1122 1581 1998 1419 1983 1568 1537 1653 1208 1252 1009 1839 1244 1015 1664 1596 1386 1455 1046 1859 1399 1584 1541 1196 1915 1667 1916 1783 1500 1957 1492 1949 1730 1261 1278 1806 1547 1613 1625 1837 1257 1463 1009 1331 1043 1672 1840 1413 1023 1346 1795 1979 1540 1429 1400 1705 1770 1831 1414 1289 1450 1994 1581 1860 1082 BCNSPRNW ULIB Ver.6.0+V

เปลี่ยนเป็นภาษาไทย

Change to English
 แสดงรายละเอียดบรรณานุกรม
  กลับหน้าหลัก

Brief Record : Get Marc (ISO 2709) : E-mail record : QR code < ปิดหน้าต่าง
LEADER : 00000nam 2200000uu 4500
001    13399111444
003     ULIB
008    110627s||||||||th 000 0 tha d
020    9789741091294
090    นว.^bณ429ป 2553
100 0  ณารา
245 00 ปลาไหลป้ายแดง/^cณารา
250    พิมพ์ครั้งที่ 3
260    นนทบุรี :^bพิมพ์คำ,^c2553
300    342 หน้า
945    ^p220^l0^i030176
995    ทศพร
999 ^a ใช้งานได้ทุกระบบ
รายการนี้ยังไม่มีแท็ก
คุณยังไม่ได้ล็อกอิน คุณสามารถมีกิจกรรมร่วมกับเว็บไซต์ได้ แต่ต้องล็อกอินก่อน ::
  ล็อกอิน

รายการสื่อสารสนเทศ

ลำดับที่ ประเภท เลขเรียก/บาร์โค้ด สถานที่ สถานะ
- ไม่พบข้อมูล -

รายการใกล้เคียง
    ผู้แต่ง [ณารา]

BibComment


ยังไม่เคยถูกคอมเมนท์

คอมเมนท์ทรัพยากรรายการนี้
  คอมเมนท์: ปลาไหลป้ายแดง ณารา


 Copyright 2026. Bcnsprnw @Library